NitroType - Statistics

General Stats
  • This quiz has been taken 25 times
  • The average score is 4 of 6
Answer Stats
question Answer % Correct
What is my team called (look at description) CORND0G
94%
How many races do you need for the tank car 5000
78%
What is the new thing replacing leaderboards Leagues
78%
who is the other creator Travis
67%
What is the developers team abbrevaition NT
56%
who is the creator TheCorndog
50%
No matching quizzes found
Score Distribution
Percent of People with Each Score
Percentile by Number Answered
Your Score History
You have not taken this quiz